INDIAN BAR REVIEW Vol. XXXIX(1TO 4) 2014 (JAN TO DEC) (Record no. 7411)

MARC details
000 -LEADER
fixed length control field 00404nam a22001457a 4500
005 - DATE AND TIME OF LATEST TRANSACTION
control field 20200710124805.0
008 - FIXED-LENGTH DATA ELEMENTS--GENERAL INFORMATION
fixed length control field 200710b xxu||||| |||| 00| 0 eng d
082 ## - DEWEY DECIMAL CLASSIFICATION NUMBER
Classification number 345.4005 DEB-I
100 ## - MAIN ENTRY--AUTHOR NAME
Personal name DEB, ASHOK KUMAR
245 ## - TITLE STATEMENT
Title INDIAN BAR REVIEW Vol. XXXIX(1TO 4) 2014 (JAN TO DEC)
260 ## - PUBLICATION, DISTRIBUTION, ETC. (IMPRINT)
Place of publication NEW DELHI
Name of publisher BAR COUNCIAL OF INDIA TRUST
Year of publication 2014
300 ## - PHYSICAL DESCRIPTION
Number of Pages 242p.
650 ## - SUBJECT ADDED ENTRY--TOPICAL TERM
Topical Term LAW
942 ## - ADDED ENTRY ELEMENTS (KOHA)
Koha item type Journals/Serial
Holdings
Lost status Damaged status Home library Current library Date acquired Source of acquisition Cost, normal purchase price Full call number Accession Number Koha item type
    JRU Library   22/07/2020 PURCHASE 1000.00 345.4005 DEB-I 24989 Journals/Serial